Sweden Immigration By Country - Extreme - Statistics

General Stats
  • This quiz has been taken 49 times
  • The average score is 34 of 41
Answer Stats
Total Country % Correct
47,690 India
100%
21,500 United Kingdom
100%
26,560 Finland
97%
24,050 Pakistan
97%
45,600 Poland
97%
195,600 Syria
97%
19,085 United States
97%
24,300 Denmark
94%
27,110 Germany
94%
35,490 Iran
94%
49,430 Iraq
94%
26,990 Romania
94%
58,500 Afghanistan
91%
30,510 China
91%
21,265 Norway
91%
99,450 Ukraine
91%
14,300 France
88%
25,100 Russia
88%
23,400 Turkey
88%
10,000 Estonia
84%
16,070 Italy
84%
13,050 Latvia
84%
16,400 Lithuania
84%
19,670 Greece
81%
12,900 Morocco
81%
47,770 Somalia
81%
14,100 Egypt
78%
22,300 Serbia
78%
10,080 Bangladesh
75%
24,810 Brazil
75%
23,200 Ethiopia
75%
21,270 Thailand
75%
22,010 Vietnam
75%
60,200 Bosnia and Herzegovina
72%
28,500 Lebanon
69%
12,560 Sudan
69%
29,830 Croatia
66%
38,950 Eritrea
66%
19,100 Hungary
66%
28,850 Chile
63%
10,500 Colombia
56%
No matching quizzes found
Score Distribution
Percent of People with Each Score
Percentile by Number Answered
Your Score History
You have not taken this quiz